| 000 | 00614nam a2200217 i 4500 | ||
|---|---|---|---|
| 001 | C2-0182029 | ||
| 003 | PPAK | ||
| 005 | 20180728095406.0 | ||
| 008 | 981031s1954 enk |||| ||||| | eng d | ||
| 040 |
_aPPAK _beng _cPPAK _erda |
||
| 082 | 0 | 4 |
_a952.033 _2 23 |
| 090 | 0 | 0 |
_a952.033 _bJON _dKIH |
| 100 | 1 |
_aJones, F.C., _eauthor |
|
| 245 | 1 | 0 |
_aJapan's new order in East Asia : _bits rise and fall |
| 264 | 1 |
_aLondon : _bOxford University Press , _c1954 |
|
| 300 |
_axii, 498 pages ; _c22 cm |
||
| 336 |
_2rdacontent _atext |
||
| 337 |
_2rdamedia _aunmediated |
||
| 338 |
_2rdacarrier _avolume |
||
| 942 |
_ddc _cB |
||
| 999 |
_c156017 _d156017 |
||